| 000 | 01061nam a2200253Ia 4500 | ||
|---|---|---|---|
| 999 |
_c34468 _d34468 |
||
| 001 | 217 | ||
| 003 | GE_BSU | ||
| 005 | 20200122122405.0 | ||
| 008 | 181216s2006||||ge |||||||||||||| ||geo|| | ||
| 020 | _a9994009281 | ||
| 040 | _cGE_BSU | ||
| 041 | _ageo | ||
| 080 | _a616-091(075.8) ბ-96 | ||
| 100 |
_aბურკაძე, გ. _96314 |
||
| 245 |
_aორგანოთა სისტემების პათოლოგია : _b[სახელმძღვ.] / _cგ. ბურკაძე, გ. ტურაშვილი ; რედ.: ზაზა ავალიანი. |
||
| 250 | _a1-ლი გამოცემა | ||
| 264 |
_aთბილისი, _c2006. |
||
| 300 |
_a570 გვ.: _bილ.; _c28 სმ. |
||
| 653 | _aმედიცინა | ||
| 653 | _aპათოლოგიის სახელმძღვანელოები | ||
| 700 |
_aტურაშვილი, გ. _eავტორი _93254 |
||
| 700 |
_aავალიანი, ზაზა _eრედაქტორი _96315 |
||
| 942 |
_cBK _2udc |
||